Colleges of NHL Hockey Players - Statistics

General Stats
  • This quiz has been taken 64 times
  • The average score is 85 of 134
Answer Stats
Player College NHL Career NHL Games Played % Correct
Luke Glendening Michigan 2013-2026 916
91%
Jacob Trouba Michigan 2013-2026 880
91%
Dylan Larkin Michigan 2015-2026 792
91%
Andrew Copp Michigan 2014-2026 758
91%
Zach Hyman Michigan 2015-2026 692
91%
Kyle Connor Michigan 2016-2026 669
91%
J.T. Compher Michigan 2016-2026 634
91%
Zach Werenski Michigan 2016-2026 619
91%
Quinn Hughes Michigan 2018-2026 485
91%
Matty Beniers Michigan 2021-2026 305
91%
Chris Kreider Boston College 2012-2026 933
85%
Noah Hanifin Boston College 2015-2026 805
85%
Kevin Hayes Boston College 2014-2026 801
85%
Brian Dumoulin Boston College 2013-2026 762
85%
Mike Matheson Boston College 2015-2026 681
85%
Alex Tuch Boston College 2016-2026 592
85%
Miles Wood Boston College 2015-2026 550
85%
Matt Boldy Boston College 2021-2026 339
85%
Alex Newhook Boston College 2020-2026 313
85%
Charlie Coyle Boston University 2012-2026 1006
81%
Jack Eichel Boston University 2015-2026 666
81%
Clayton Keller Boston University 2016-2026 658
81%
Evan Rodrigues Boston University 2015-2026 603
81%
Matt Grzelcyk Boston University 2016-2026 584
81%
Charlie McAvoy Boston University 2017-2026 549
81%
Brady Tkachuk Boston University 2018-2026 549
81%
Joel Farabee Boston University 2019-2026 471
81%
Jordan Greenway Boston University 2017-2026 468
81%
Dante Fabbro Boston University 2018-2026 427
81%
Trevor Zegras Boston University 2020-2026 324
81%
A.J. Greer Boston University 2016-2026 305
81%
Nick Leddy Minnesota 2010-2026 1061
80%
Erik Haula Minnesota 2013-2026 816
80%
Nate Schmidt Minnesota 2013-2026 798
80%
Nick Bjugstad Minnesota 2012-2026 796
80%
Brady Skjei Minnesota 2015-2026 748
80%
Casey Mittelstadt Minnesota 2017-2026 485
80%
Ryan Lindgren Minnesota 2018-2026 461
80%
Mike Reilly Minnesota 2015-2026 447
80%
Nick Seeler Minnesota 2017-2026 429
80%
Jeff Petry Michigan State 2010-2026 1036
78%
Mason Appleton Michigan State 2018-2026 448
78%
Ryan McDonagh Wisconsin 2010-2026 1032
72%
Brendan Smith Wisconsin 2011-2026 741
72%
Jake McCabe Wisconsin 2013-2026 698
72%
Luke Kunin Wisconsin 2017-2026 477
72%
K'Andre Miller Wisconsin 2020-2026 417
72%
Trent Frederic Wisconsin 2018-2026 393
72%
Cole Caufield Wisconsin 2020-2026 344
72%
Alex Killorn Harvard 2012-2026 1006
70%
Alexander Kerfoot Harvard 2017-2026 614
70%
Ryan Donato Harvard 2017-2026 540
70%
Adam Fox Harvard 2019-2026 461
70%
John Marino Harvard 2019-2026 420
70%
Colin Blackwell Harvard 2018-2026 344
70%
Ian Cole Notre Dame 2010-2026 965
65%
Kyle Palmieri Notre Dame 2010-2026 925
65%
Anders Lee Notre Dame 2012-2026 899
65%
Bryan Rust Notre Dame 2014-2026 687
65%
Vinnie Hinostroza Notre Dame 2015-2026 456
65%
Jake Evans Notre Dame 2019-2026 393
65%
Andrew Peeke Notre Dame 2019-2026 365
65%
Gustav Nyquist Maine 2011-2026 898
63%
Ben Hutton Maine 2015-2026 570
63%
Ryan Lomberg Maine 2017-2026 387
63%
Jonathan Toews North Dakota 2007-2026 1123
63%
Brock Nelson North Dakota 2013-2026 975
63%
Nick Schmaltz North Dakota 2016-2026 645
63%
Brock Boeser North Dakota 2016-2026 604
63%
Troy Stecher North Dakota 2016-2026 604
63%
Derek Forbort North Dakota 2015-2026 552
63%
Tyson Jost North Dakota 2016-2026 539
63%
Jason Zucker Denver 2011-2026 808
61%
Danton Heinen Denver 2016-2026 592
61%
Scott Mayfield Denver 2013-2026 591
61%
Troy Terry Denver 2017-2026 472
61%
Trevor Moore Denver 2018-2026 460
61%
Jonathan Quick Massachusetts 2007-2026 824
61%
Frank Vatrano Massachusetts 2015-2026 683
61%
Brandon Montour Massachusetts 2016-2026 639
61%
Conor Sheary Massachusetts 2015-2026 630
61%
Mario Ferraro Massachusetts 2019-2026 463
61%
Cale Makar Massachusetts 2019-2026 450
61%
Brandon Tanev Providence 2015-2026 596
57%
Noel Acciari Providence 2015-2026 560
57%
Mark Jankowski Providence 2016-2026 459
57%
Brandon Duhaime Providence 2021-2026 352
57%
Kevin Rooney Providence 2016-2026 331
57%
Morgan Barron Cornell 2020-2026 303
56%
Tage Thompson Connecticut 2017-2026 505
54%
Reilly Smith Miami (OH) 2011-2026 972
54%
Blake Coleman Miami (OH) 2016-2026 668
54%
Sean Kuraly Miami (OH) 2016-2026 619
54%
Jack Roslovic Miami (OH) 2016-2026 571
54%
Kiefer Sherwood Miami (OH) 2018-2026 310
54%
Garnet Hathaway Brown 2015-2026 653
52%
Sam Lafferty Brown 2019-2026 368
52%
Ross Colton Vermont 2020-2026 383
52%
Jamie Oleksiak Northeastern 2012-2026 734
50%
Josh Manson Northeastern 2014-2026 681
50%
Matt Benning Northeastern 2016-2026 465
50%
Zach Aston-Reese Northeastern 2017-2026 415
50%
Adam Gaudette Northeastern 2017-2026 346
50%
Jaden Schwartz Colorado College 2011-2026 847
46%
Jaccob Slavin Colorado College 2015-2026 762
46%
James van Riemsdyk New Hampshire 2009-2026 1131
46%
Brett Pesce New Hampshire 2015-2026 732
46%
Trevor van Riemsdyk New Hampshire 2014-2026 728
46%
Warren Foegele New Hampshire 2017-2026 556
46%
Eric Robinson Princeton 2017-2026 432
46%
Devon Toews Quinnipiac 2018-2026 515
46%
Connor Clifton Quinnipiac 2018-2026 410
46%
Justin Faulk Minnesota-Duluth 2011-2026 1037
43%
Alex Iafallo Minnesota-Duluth 2017-2026 640
43%
Neal Pionk Minnesota-Duluth 2017-2026 576
43%
Carson Soucy Minnesota-Duluth 2017-2026 417
43%
Michael Anderson Minnesota-Duluth 2019-2026 399
43%
Nick Jensen St. Cloud State 2016-2026 687
41%
Nic Dowd St. Cloud State 2015-2026 633
41%
Blake Lizotte St. Cloud State 2018-2026 425
41%
William Borgen St. Cloud State 2018-2026 348
41%
Ryan Poehling St. Cloud State 2018-2026 332
41%
Connor Hellebuyck Massachusetts-Lowell 2015-2026 604
39%
Matt Roy Michigan Tech 2018-2026 494
39%
Tyler Pitlick Minnesota State 2013-2026 451
39%
Teddy Blueger Minnesota State 2018-2026 428
39%
Zach Whitecloud Bemidji State University 2017-2026 376
35%
Sean Walker Bowling Green 2018-2026 452
35%
Nico Sturm Clarkson 2018-2026 366
35%
Shayne Gostisbehere Union 2014-2026 729
35%
Chris Tanev R.I.T. 2010-2026 878
28%
Jake Guentzel Nebraska-Omaha 2016-2026 655
26%
Colton Parayko Alaska-Fairbanks 2015-2026 780
24%
Cam Talbot Alabama-Huntsville 2013-2026 557
9%
No matching quizzes found
Score Distribution
Percent of People with Each Score
Percentile by Number Answered
Your Score History
You have not taken this quiz